Central Library OPAC University of Rajshahi

Preparing for childbirth : (Record no. 66671)

MARC details
000 -LEADER
fixed length control field 00679nam a22002173a 4500
001 - CONTROL NUMBER
control field 66671
003 - CONTROL NUMBER IDENTIFIER
rucl marc code BD-RjUL
005 - DATE AND TIME OF LATEST TRANSACTION
control field 20211209081551.0
008 - FIXED-LENGTH DATA ELEMENTS--GENERAL INFORMATION
fixed length control field 971014s1967 enka 001 0 eng d
035 ## - SYSTEM CONTROL NUMBER
System control number (BD-RjUL)66802
040 ## - CATALOGING SOURCE
Original cataloging agency EQO
Transcribing agency EQO
Language of cataloging eng
Modifying agency BD-RjUL
041 ## - LANGUAGE CODE
Language code of text/sound track or separate title eng
082 ## - DEWEY DECIMAL CLASSIFICATION NUMBER
Edition number 23
Author mark and year GOP 1967
Classification number 618.4
100 1# - MAIN ENTRY--PERSONAL NAME
Personal name Goodrich, Frederick W. Jr.
9 (RLIN) 197380
245 10 - TITLE STATEMENT
Title Preparing for childbirth :
Remainder of title A manual for expectant parents /
Statement of responsibility, etc. Frederick W. Goodrich, Jr.
260 ## - PUBLICATION, DISTRIBUTION, ETC. (IMPRINT)
Place of publication, distribution, etc. London :
Date of publication, distribution, etc. [c1966]1967,
Name of publisher, distributor, etc. George Allen & Unwin ltd.
300 ## - PHYSICAL DESCRIPTION
Pagination ix,246 p. :
Illustrations ill. ;
Size 22cm.
500 ## - GENERAL NOTE
General note Includes Indexes
650 ## - SUBJECT ADDED ENTRY--TOPICAL TERM
Topical term or geographic name as entry element Childbirth--Study and teaching
9 (RLIN) 197381
942 ## - ADDED ENTRY ELEMENTS (KOHA)
Source of classification or shelving scheme Dewey Decimal Classification
Koha item type Books
Holdings
Lost status Source of classification or shelving scheme Damaged status Not for loan Collection code Permanent Location Current Location Shelving location Date acquired Source of acquisition Cost, normal purchase price Total Checkouts Full call number Date last seen Copy number Koha item type
  Dewey Decimal Classification   Not For Loan Non-fiction Central Library, University of Rajshahi Central Library, University of Rajshahi Reading Room 27/08/1969 Zeitlinger 25.00   618.4 GOP 1967 18/03/2017 C-1 Books